[Event "18. Carlos Torre Magistral"]
[Site "Merida MEX"]
[Date "2005.12.15"]
[Round "1.1"]
[White "Akobian, Varuzhan"]
[Black "De los Santos Coello, Jose"]
[Result "1-0"]
[WhiteElo "2600"]
[BlackElo "2103"]
[PlyCount "67"]
[EventDate "2005.12.15"]
[EventCountry "MEX"]
[Source "lmi"]
[SourceDate "2005.12.23"]

1. d4 d5 2. c4 e6 3. Nf3 Nf6 4. Nc3 Be7 5. Bf4 c6 6. e3 O-O 7. h3 Nbd7 8. c5
Ne4 9. Rc1 f5 10. Bd3 Ndf6 11. O-O Kh8 12. Ne5 Bd7 13. Ne2 Nh5 14. Bh2 Be8 15.
f3 Ng5 16. Qc2 g6 17. b4 Nf7 18. a4 Bg5 19. Qd2 Bf6 20. b5 Nxe5 21. Bxe5 Bxe5
22. dxe5 Bd7 23. f4 Ng7 24. Nd4 Qc7 25. Rc2 Rfc8 26. Rb1 Rab8 27. b6 axb6 28.
Rxb6 Ra8 29. Qb4 Ra7 30. Rb2 Rca8 31. Rxb7 Rxb7 32. Qxb7 Qa5 33. Kh2 Be8 34.
Qe7 1-0

[Event "18. Carlos Torre Magistral"]
[Site "Merida MEX"]
[Date "2005.12.15"]
[Round "1.2"]
[White "Mendoza Moreno, Cuahutemoc"]
[Black "Nogueiras, Jesus"]
[Result "0-1"]
[WhiteElo "2098"]
[BlackElo "2547"]
[PlyCount "42"]
[EventDate "2005.12.15"]
[EventCountry "MEX"]
[Source "lmi"]
[SourceDate "2005.12.23"]

1. d4 d6 2. e3 g6 3. Bd3 Bg7 4. f4 Nf6 5. Nf3 O-O 6. O-O c5 7. c3 Nc6 8. Nbd2
e5 9. dxe5 dxe5 10. Qc2 Nd5 11. Nb3 Ndb4 12. cxb4 Nxb4 13. Qxc5 Nxd3 14. Qc2
exf4 15. exf4 Bf5 16. Qd2 a5 17. Rb1 Re8 18. Rd1 Qb6+ 19. Kf1 Nb4 20. Qf2 Qxf2+
21. Kxf2 Bxb1 0-1

[Event "18. Carlos Torre Magistral"]
[Site "Merida MEX"]
[Date "2005.12.15"]
[Round "1.3"]
[White "Navarrete Mendez, Gonzalo"]
[Black "Quezada, Yuniesky"]
[Result "0-1"]
[WhiteElo "2094"]
[BlackElo "2505"]
[PlyCount "54"]
[EventDate "2005.12.15"]
[EventCountry "MEX"]
[Source "lmi"]
[SourceDate "2005.12.23"]

1. e4 c5 2. Nf3 d6 3. d4 cxd4 4. Nxd4 Nf6 5. Nc3 a6 6. Rg1 e6 7. g4 b5 8. g5
Nfd7 9. h4 Bb7 10. a3 Nb6 11. Bh3 N8d7 12. Qe2 Rc8 13. h5 g6 14. Rg3 Bg7 15.
Rd3 Nc5 16. Rd1 O-O 17. h6 Bh8 18. b4 Ncd7 19. Na2 Qe7 20. Rb1 Rc4 21. Bb2 e5
22. Nf5 gxf5 23. Bxf5 Rfc8 24. Qg4 Nf8 25. Bxc8 Rxe4+ 26. Qxe4 Bxe4 27. Kd2
Nxc8 0-1

[Event "18. Carlos Torre Magistral"]
[Site "Merida MEX"]
[Date "2005.12.15"]
[Round "1.4"]
[White "Gonzalez Zamora, Juan Carlos"]
[Black "Mendoza Moreno, Jesus"]
[Result "1-0"]
[WhiteElo "2515"]
[BlackElo "2095"]
[PlyCount "65"]
[EventDate "2005.12.15"]
[EventCountry "MEX"]
[Source "lmi"]
[SourceDate "2005.12.23"]

1. d4 d5 2. c4 c6 3. Nf3 Nf6 4. Nc3 e6 5. Bg5 h6 6. Bxf6 Qxf6 7. e3 Nd7 8. Bd3
Qd8 9. Qc2 Be7 10. O-O O-O 11. Rad1 dxc4 12. Bxc4 b5 13. Bd3 Bb7 14. a3 a5 15.
a4 b4 16. Ne4 Qb6 17. Rc1 Rac8 18. Nc5 Rc7 19. Rfd1 Ba8 20. Nxd7 Rxd7 21. Ne5
Rc7 22. Bh7+ Kh8 23. Be4 Bf6 24. Nd3 Be7 25. Nc5 Bd6 26. f4 Re7 27. Qe2 Rc8 28.
Bb1 Bb7 29. Qh5 Rd8 30. g3 Rc7 31. Be4 Bc8 32. Bf3 Bf8 33. Nb3 1-0

[Event "18. Carlos Torre Magistral"]
[Site "Merida MEX"]
[Date "2005.12.15"]
[Round "1.5"]
[White "Corrales, Fidel"]
[Black "Reyes Ayala, Mario"]
[Result "1-0"]
[WhiteElo "2470"]
[BlackElo "2075"]
[PlyCount "45"]
[EventDate "2005.12.15"]
[EventCountry "MEX"]
[Source "lmi"]
[SourceDate "2005.12.23"]

1. d4 Nc6 2. c4 d5 3. cxd5 Qxd5 4. Nf3 e6 5. Nc3 Bb4 6. e3 Nf6 7. Bd3 e5 8.
dxe5 Bxc3+ 9. bxc3 Nxe5 10. Nxe5 Qxe5 11. Qa4+ Bd7 12. Qd4 Qxd4 13. cxd4 O-O
14. O-O Rfe8 15. Rb1 b6 16. Ba3 Be6 17. Rb2 Bd5 18. Rc1 c6 19. Ba6 Re6 20. Rbc2
Rb8 21. Bf1 g5 22. Bd3 Ne4 23. f3 1-0

[Event "18. Carlos Torre Magistral"]
[Site "Merida MEX"]
[Date "2005.12.15"]
[Round "1.7"]
[White "Rohl Montes, Juan Armando"]
[Black "Broca Jimenez, Fernando"]
[Result "1-0"]
[WhiteElo "2405"]
[BlackElo "2066"]
[PlyCount "81"]
[EventDate "2005.12.15"]
[EventCountry "MEX"]
[Source "lmi"]
[SourceDate "2005.12.23"]

1. e4 c5 2. c3 Nf6 3. e5 Nd5 4. Nf3 Nc6 5. d4 cxd4 6. Bc4 e6 7. cxd4 Nb6 8. Bd3
Be7 9. O-O d6 10. Qe2 O-O 11. Nc3 Bd7 12. a3 d5 13. Bc2 f5 14. exf6 Bxf6 15.
Qd3 g6 16. Ne2 e5 17. dxe5 Nxe5 18. Nxe5 Bxe5 19. Bb3 Bc6 20. Nd4 Qh4 21. f4
Bd6 22. Be3 Bxf4 23. Rxf4 Rxf4 24. Bxf4 Qxf4 25. Rf1 Qe5 26. Rc1 Rf8 27. Qd2
Rf6 28. h4 Kg7 29. Re1 Qd6 30. h5 Bd7 31. h6+ Kf8 32. Qe3 Nc4 33. Bxc4 dxc4 34.
Nf3 Qb6 35. Ng5 Qxe3+ 36. Rxe3 Rf5 37. Nxh7+ Kg8 38. Re7 Bc6 39. Rg7+ Kh8 40.
g4 Re5 41. Nf6 1-0

[Event "18. Carlos Torre Magistral"]
[Site "Merida MEX"]
[Date "2005.12.15"]
[Round "1.8"]
[White "Alvarez Ramirez, Miguel"]
[Black "Escobedo Tinajero, Alberto"]
[Result "0-1"]
[WhiteElo "2042"]
[BlackElo "2403"]
[PlyCount "72"]
[EventDate "2005.12.15"]
[EventCountry "MEX"]
[Source "lmi"]
[SourceDate "2005.12.23"]

1. d4 d5 2. c4 e6 3. Nf3 Nf6 4. Nc3 c6 5. Bg5 h6 6. Bxf6 Qxf6 7. e3 Nd7 8. Be2
dxc4 9. Bxc4 g6 10. O-O Bg7 11. e4 O-O 12. Qe2 Qe7 13. Rac1 b6 14. Rfd1 Bb7 15.
Ba6 Bxa6 16. Qxa6 Rfd8 17. Qb7 c5 18. d5 exd5 19. Rxd5 Bxc3 20. bxc3 Qe8 21. h3
Nf6 22. Rxd8 Rxd8 23. Qxa7 Nxe4 24. Qxb6 Rb8 25. Qc7 Nxf2 26. Kxf2 Rb2+ 27. Kg3
Qe2 28. Rg1 Qf2+ 29. Kf4 Re2 30. Qc6 Re6 31. Qa8+ Kg7 32. Rb1 Rf6+ 33. Ke5 Qe3+
34. Kd5 Qd3+ 35. Kxc5 Qxc3+ 36. Kb5 Qd3+ 0-1

[Event "18. Carlos Torre Magistral"]
[Site "Merida MEX"]
[Date "2005.12.15"]
[Round "1.9"]
[White "Milov, Vadim"]
[Black "Garmendez Gonzalez, Carlos"]
[Result "1-0"]
[WhiteElo "2652"]
[BlackElo "2220"]
[PlyCount "81"]
[EventDate "2005.12.15"]
[EventCountry "MEX"]
[Source "lmi"]
[SourceDate "2005.12.23"]

1. d4 Nf6 2. Bg5 e6 3. e4 Be7 4. Bd3 h6 5. Be3 d6 6. Nc3 c6 7. Nf3 Nbd7 8. O-O
e5 9. Nh4 g6 10. h3 Nf8 11. Nf3 Qc7 12. Qd2 g5 13. h4 g4 14. Nh2 h5 15. d5 Ng6
16. g3 Bd7 17. Bg5 Ng8 18. a4 Qd8 19. Be3 Nf6 20. a5 cxd5 21. exd5 Ng8 22. f3
Bxh4 23. gxh4 g3 24. Bg5 N6e7 25. Ne4 gxh2+ 26. Kxh2 Qc7 27. c4 Bf5 28. c5 Bxe4
29. fxe4 Ng6 30. a6 b6 31. cxd6 Qxd6 32. Rac1 N6e7 33. Qc3 f6 34. Qc7 Qb4 35.
d6 Rd8 36. Rxf6 Rh7 37. Rf8+ Kxf8 38. dxe7+ Rxe7 39. Qxd8+ Kg7 40. Rg1 Kh7 41.
Qxg8+ 1-0

[Event "18. Carlos Torre Magistral"]
[Site "Merida MEX"]
[Date "2005.12.15"]
[Round "1.10"]
[White "Altamirano Gonzalez, Yehudi"]
[Black "Hernandez, Holden"]
[Result "0-1"]
[WhiteElo "2063"]
[BlackElo "2483"]
[PlyCount "50"]
[EventDate "2005.12.15"]
[EventCountry "MEX"]
[Source "lmi"]
[SourceDate "2005.12.23"]

1. e4 c5 2. Nf3 Nc6 3. d4 cxd4 4. Nxd4 e6 5. Nxc6 bxc6 6. Bd3 Nf6 7. O-O d5 8.
e5 Nd7 9. f4 g6 10. c4 Nc5 11. Be2 Qb6 12. Be3 Qxb2 13. Bd4 Qb4 14. Nd2 Be7 15.
a4 O-O 16. a5 Rd8 17. Qc2 Na6 18. Rfb1 Bc5 19. Rxb4 Bxd4+ 20. Kf1 Nxb4 21. Qa4
Bxa1 22. Qxa1 Ba6 23. Qc3 Rab8 24. Nf3 dxc4 25. Nd2 Na2 0-1

[Event "18. Carlos Torre Magistral"]
[Site "Merida MEX"]
[Date "2005.12.15"]
[Round "1.11"]
[White "De la Paz, Frank"]
[Black "Godinez Aguilar, Ramon"]
[Result "1-0"]
[WhiteElo "2456"]
[BlackElo "1996"]
[PlyCount "85"]
[EventDate "2005.12.15"]
[EventCountry "MEX"]
[Source "lmi"]
[SourceDate "2005.12.23"]

1. e4 c5 2. Nf3 d6 3. d4 cxd4 4. Nxd4 Nf6 5. Nc3 a6 6. Be3 e5 7. Nb3 b5 8. f3
Be6 9. Nd5 Nxd5 10. exd5 Bf5 11. g4 Bg6 12. h4 h5 13. g5 Be7 14. Bd3 O-O 15.
Qd2 Qd7 16. O-O-O a5 17. Kb1 a4 18. Nc1 a3 19. b3 Bd8 20. Qb4 Bxd3 21. Nxd3 Na6
22. Qe4 g6 23. Bc1 Qa7 24. f4 exf4 25. Qxf4 Bc7 26. Rhe1 Nc5 27. Nb4 Qa5 28.
Bd2 Qb6 29. Nc6 Na4 30. bxa4 bxa4+ 31. Bb4 Rae8 32. Kc1 Qb5 33. Rxe8 Rxe8 34.
c4 Qb6 35. Qd4 Qxd4 36. Rxd4 Re2 37. Bd2 Bb6 38. Kd1 Re8 39. Rf4 Bc5 40. Kc2
Be3 41. Rf3 Bxd2 42. Kxd2 Re4 43. c5 1-0

[Event "18. Carlos Torre Magistral"]
[Site "Merida MEX"]
[Date "2005.12.15"]
[Round "1.12"]
[White "Watanabe, Akira"]
[Black "Sandoval, Alfredo"]
[Result "1-0"]
[WhiteElo "2365"]
[BlackElo "2038"]
[PlyCount "125"]
[EventDate "2005.12.15"]
[EventCountry "MEX"]
[Source "lmi"]
[SourceDate "2005.12.23"]

1. d4 d5 2. c4 c6 3. Nc3 Nf6 4. e3 e6 5. Nf3 Be7 6. Bd3 O-O 7. O-O Nbd7 8. e4
dxe4 9. Nxe4 Nxe4 10. Bxe4 Nf6 11. Bc2 b6 12. Bg5 h6 13. Bh4 Bb7 14. Qd3 Re8
15. Rad1 Rc8 16. Rfe1 Qc7 17. Bxf6 Bxf6 18. Qh7+ Kf8 19. Bb3 Qf4 20. Ne5 Rcd8
21. c5 Rxd4 22. Nd7+ Ke7 23. g3 Qf3 24. Nxf6 Qxf6 25. Rxd4 Qxd4 26. Rd1 Qf6 27.
Qd3 Kf8 28. Qe3 Qe7 29. cxb6 axb6 30. Qxb6 Rc8 31. a4 c5 32. a5 Qc7 33. Qxc7
Rxc7 34. Bc4 Bf3 35. Rd3 Be2 36. Rc3 Bxc4 37. Rxc4 Ke7 38. b4 Kd6 39. b5 Rb7
40. b6 Kc6 41. Ra4 Rd7 42. Kf1 Kb5 43. Ke2 Ka6 44. Ra1 c4 45. f4 c3 46. Ra2 Kb5
47. g4 Ka6 48. h4 Kb5 49. Ke3 Ka6 50. h5 f6 51. Ke4 Rd5 52. f5 Re5+ 53. Kd4
exf5 54. gxf5 Rxf5 55. Kxc3 Rxh5 56. Rb2 Re5 57. Kc4 Re7 58. Kc5 Kb7 59. Kd6
Re8 60. a6+ Kxa6 61. b7 Ka7 62. Kd7 Rf8 63. Kc6 1-0

[Event "18. Carlos Torre Magistral"]
[Site "Merida MEX"]
[Date "2005.12.15"]
[Round "1.13"]
[White "Ramirez Garia, Jorge"]
[Black "Estrada Nieto, Julian"]
[Result "1-0"]
[WhiteElo "2036"]
[BlackElo "2351"]
[PlyCount "79"]
[EventDate "2005.12.15"]
[EventCountry "MEX"]
[Source "lmi"]
[SourceDate "2005.12.23"]

1. e4 e5 2. Nf3 Nc6 3. d4 exd4 4. Nxd4 Nf6 5. Nxc6 bxc6 6. e5 Qe7 7. Qe2 Nd5 8.
c4 Nb6 9. Nc3 Qe6 10. Qe4 g6 11. f4 Bg7 12. c5 Nd5 13. Bc4 Bb7 14. O-O O-O 15.
Rd1 Qe7 16. Nxd5 cxd5 17. Bxd5 c6 18. Bc4 Qxc5+ 19. Be3 Qe7 20. Rd6 Kh8 21.
Rad1 Bc8 22. Bc5 Qe8 23. Qe2 Rg8 24. Bd4 Qe7 25. Qg4 Rf8 26. Bc5 f6 27. Qh4 Qd8
28. e6 Qe7 29. exd7 Bxd7 30. Re1 Qd8 31. Be6 g5 32. Qf2 Bxe6 33. Rxd8 Rfxd8 34.
Rxe6 Rd1+ 35. Re1 Rad8 36. Qe2 Rxe1+ 37. Qxe1 gxf4 38. Qe7 Rd1+ 39. Kf2 h6 40.
Qe8+ 1-0

[Event "18. Carlos Torre Magistral"]
[Site "Merida MEX"]
[Date "2005.12.15"]
[Round "1.14"]
[White "Garcia Martinez, Silvino"]
[Black "Ancheyta Tejas, Claudinelly"]
[Result "1-0"]
[WhiteElo "2337"]
[BlackElo "2026"]
[PlyCount "45"]
[EventDate "2005.12.15"]
[EventCountry "MEX"]
[Source "lmi"]
[SourceDate "2005.12.23"]

1. e4 e5 2. Nf3 Nc6 3. Bb5 a6 4. Ba4 Nf6 5. O-O b5 6. Bb3 Be7 7. Re1 O-O 8. h3
d6 9. c3 Na5 10. Bc2 Re8 11. d4 Nc6 12. Nbd2 Bf8 13. a3 Bb7 14. Nf1 Rc8 15. Ng3
g6 16. a4 b4 17. d5 Nb8 18. cxb4 c6 19. dxc6 Nxc6 20. b5 Nb4 21. Bb3 a5 22. Bd2
Nd3 23. Bxa5 1-0

[Event "18. Carlos Torre Magistral"]
[Site "Merida MEX"]
[Date "2005.12.15"]
[Round "1.15"]
[White "Fabian Reyes, Felipe"]
[Black "Dominguez Aguilar, Guillermo"]
[Result "0-1"]
[WhiteElo "2025"]
[BlackElo "2324"]
[PlyCount "58"]
[EventDate "2005.12.15"]
[EventCountry "MEX"]
[Source "lmi"]
[SourceDate "2005.12.23"]

1. e4 c5 2. Nf3 d6 3. d4 cxd4 4. Nxd4 Nf6 5. Nc3 a6 6. Bc4 e6 7. Bb3 Bd7 8. O-O
b5 9. Qf3 Nc6 10. Be3 Ne5 11. Qg3 b4 12. f4 Neg4 13. Nce2 h5 14. e5 h4 15. Qh3
dxe5 16. fxe5 Nxe5 17. Rad1 Qc8 18. Nf4 Neg4 19. Nfxe6 fxe6 20. Rxf6 Nxf6 21.
Nxe6 Rh5 22. Bd4 Bc5 23. Qe3 Bxe6 24. Bxe6 Bxd4 25. Rxd4 Qc7 26. Bf5+ Kf8 27.
Bg6 Re5 28. Qd2 Qc5 29. Kh1 Qxd4 0-1

[Event "18. Carlos Torre Magistral"]
[Site "Merida MEX"]
[Date "2005.12.15"]
[Round "1.16"]
[White "Huertas Soris, Ramon"]
[Black "Martinez Sasso, Alvaro"]
[Result "1-0"]
[WhiteElo "2322"]
[BlackElo "2018"]
[PlyCount "73"]
[EventDate "2005.12.15"]
[EventCountry "MEX"]
[Source "lmi"]
[SourceDate "2005.12.23"]

1. e4 d6 2. d4 Nf6 3. Nc3 g6 4. Nf3 Bg7 5. Bc4 O-O 6. Bb3 Nc6 7. d5 Nb8 8. O-O
Bg4 9. h3 Bxf3 10. Qxf3 Nbd7 11. Be3 c5 12. dxc6 bxc6 13. Qe2 Qa5 14. Rfe1 Qh5
15. f4 Qxe2 16. Rxe2 Nh5 17. Kh2 e6 18. Rd1 Bxc3 19. bxc3 d5 20. c4 dxc4 21.
Rxd7 cxb3 22. cxb3 Nf6 23. Rd4 Rfc8 24. Rc4 Rc7 25. Rec2 Rac8 26. Bc5 Nd7 27.
Bd6 Nb6 28. R4c3 Rd7 29. Rxc6 Rxc6 30. Rxc6 Kg7 31. a4 Rb7 32. Rc7 Rxc7 33.
Bxc7 Nd7 34. b4 a6 35. Kg3 Kf8 36. b5 axb5 37. a5 1-0

[Event "18. Carlos Torre Magistral"]
[Site "Merida MEX"]
[Date "2005.12.15"]
[Round "1.17"]
[White "Gonzalez Lozano, Jose Manuel"]
[Black "Blanco Fernandez, Alvaro"]
[Result "0-1"]
[WhiteElo "2011"]
[BlackElo "2354"]
[PlyCount "92"]
[EventDate "2005.12.15"]
[EventCountry "MEX"]
[Source "lmi"]
[SourceDate "2005.12.23"]

1. d4 d5 2. Nf3 Nc6 3. c3 Bg4 4. Bf4 e6 5. Nbd2 Bd6 6. Bg3 f5 7. e3 Nf6 8. Be2
O-O 9. Ne5 Bxe5 10. Bxe5 Nxe5 11. dxe5 Bxe2 12. Qxe2 Nd7 13. f4 c6 14. Nb3 Qb6
15. Nd4 c5 16. Nb5 c4 17. Nd6 Nc5 18. O-O Rad8 19. Kh1 Qc6 20. h3 Rd7 21. Rfd1
b5 22. Kh2 Rfd8 23. Rd2 a5 24. g4 Ne4 25. Nxe4 dxe4 26. Rd4 Rxd4 27. exd4 b4
28. gxf5 exf5 29. Rb1 Rb8 30. Qd2 Qd5 31. Qe1 Rb6 32. Qe3 h5 33. Qe1 h4 34. Qe3
Qb7 35. b3 cxb3 36. Rxb3 a4 37. Rxb4 Rxb4 38. cxb4 Qxb4 39. a3 Qb3 40. Qg1 Qxa3
41. Qb1 Qg3+ 42. Kh1 Qxh3+ 43. Kg1 Qg3+ 44. Kh1 h3 45. Qa2+ Qb3 46. Qd2 Qf3+
0-1

[Event "18. Carlos Torre Magistral"]
[Site "Merida MEX"]
[Date "2005.12.15"]
[Round "1.18"]
[White "Ocampo, Raul"]
[Black "Santos Cabañas, Cecilia"]
[Result "1-0"]
[WhiteElo "2287"]
[BlackElo "2003"]
[PlyCount "33"]
[EventDate "2005.12.15"]
[EventCountry "MEX"]
[Source "lmi"]
[SourceDate "2005.12.23"]

1. e4 c5 2. c3 g6 3. d4 cxd4 4. cxd4 d5 5. exd5 Qxd5 6. Nc3 Qd8 7. Bc4 Bg7 8.
Qb3 e6 9. Bf4 a6 10. Ne4 Ne7 11. Nd6+ Kf8 12. Nf3 Nbc6 13. O-O b5 14. Be2 Nd5
15. Bg3 f5 16. Rac1 Bd7 17. Nb7 1-0

[Event "18. Carlos Torre Magistral"]
[Site "Merida MEX"]
[Date "2005.12.15"]
[Round "1.19"]
[White "Estrada Velarde, Santiago"]
[Black "Palma, Jose Amado"]
[Result "1-0"]
[WhiteElo "2003"]
[BlackElo "2265"]
[PlyCount "73"]
[EventDate "2005.12.15"]
[EventCountry "MEX"]
[Source "lmi"]
[SourceDate "2005.12.23"]

1. e4 g6 2. d4 Bg7 3. Nc3 d6 4. Be3 Nc6 5. f4 Nf6 6. Be2 O-O 7. e5 dxe5 8. fxe5
Nd5 9. Nxd5 Qxd5 10. Nf3 Bf5 11. c3 f6 12. exf6 exf6 13. O-O Kh8 14. Bf4 Rac8
15. Re1 Rfe8 16. Qb3 Qxb3 17. axb3 g5 18. Bg3 a6 19. Bc4 g4 20. Rxe8+ Rxe8 21.
Nh4 Bd7 22. Bxc7 Bh6 23. g3 Kg7 24. Ng2 Ne7 25. Re1 Nf5 26. Rxe8 Bxe8 27. Be6
Ne3 28. Nf4 Bf7 29. Bc8 Nd5 30. Nxd5 Bxd5 31. c4 Be4 32. Kf2 Bc1 33. d5 Bxb2
34. Bxb7 Bd4+ 35. Ke2 f5 36. Bxa6 Bg1 37. d6 1-0

[Event "18. Carlos Torre Magistral"]
[Site "Merida MEX"]
[Date "2005.12.15"]
[Round "1.20"]
[White "Huerta, Dayron"]
[Black "Davila Liceaga, Josue Hiram"]
[Result "1-0"]
[WhiteElo "2263"]
[BlackElo "1997"]
[PlyCount "55"]
[EventDate "2005.12.15"]
[EventCountry "MEX"]
[Source "lmi"]
[SourceDate "2005.12.23"]

1. e4 c5 2. Nc3 d6 3. f4 g6 4. d4 cxd4 5. Qxd4 Nf6 6. e5 dxe5 7. Qxd8+ Kxd8 8.
fxe5 Ng4 9. Bf4 Nc6 10. Nf3 Bg7 11. O-O-O+ Bd7 12. Re1 Bh6 13. Bxh6 Nxh6 14.
Bc4 e6 15. Ne4 Ke7 16. Nc5 b6 17. Nxd7 Kxd7 18. Bb5 a6 19. Rd1+ Kc7 20. Bxc6
Kxc6 21. Rd6+ Kc7 22. Ng5 Rad8 23. Rf1 Rdf8 24. Rf4 b5 25. a4 Nf5 26. Rxa6 h6
27. Nxf7 Rh7 28. Nd6 1-0

[Event "18. Carlos Torre Magistral"]
[Site "Merida MEX"]
[Date "2005.12.15"]
[Round "1.21"]
[White "Arreguin Hernandez, Alan"]
[Black "Martin del Campo, Jorge"]
[Result "1-0"]
[WhiteElo "1988"]
[BlackElo "2253"]
[PlyCount "113"]
[EventDate "2005.12.15"]
[EventCountry "MEX"]
[Source "lmi"]
[SourceDate "2005.12.23"]

1. e4 c5 2. Nf3 d6 3. d4 cxd4 4. Nxd4 Nf6 5. Nc3 Nc6 6. Bg5 e6 7. Qd2 Be7 8.
O-O-O O-O 9. f4 h6 10. Bxf6 Bxf6 11. Nxc6 bxc6 12. Qxd6 Qb6 13. e5 Rd8 14. Qa3
Qe3+ 15. Kb1 Rxd1+ 16. Nxd1 Qxa3 17. bxa3 Be7 18. Bc4 Bxa3 19. c3 Kf8 20. Kc2
Rb8 21. h4 Ke7 22. Rh3 Bd7 23. Rg3 Kf8 24. Rd3 Be8 25. g4 Ke7 26. f5 a5 27. Rf3
exf5 28. Rxf5 g6 29. Rf3 Rb7 30. h5 Kd8 31. g5 hxg5 32. h6 Bf8 33. Rh3 Bxh6 34.
Rxh6 Re7 35. e6 fxe6 36. Rh3 Kc7 37. Rg3 e5 38. Rxg5 Kd6 39. Nf2 Kc5 40. Bd3
Re6 41. Ne4+ Kb6 42. Nd2 Kc7 43. Be4 c5 44. Nc4 Bb5 45. Rxe5 Bxc4 46. Rxc5+ Kb6
47. Rxc4 g5 48. a4 Rh6 49. Bf3 Rf6 50. Bg4 Rd6 51. Re4 Rd5 52. Kb3 Rc5 53. c4
Rc7 54. Re5 Rg7 55. Rb5+ Ka6 56. Bc8+ Ka7 57. Rxa5+ 1-0

[Event "18. Carlos Torre Magistral"]
[Site "Merida MEX"]
[Date "2005.12.15"]
[Round "1.22"]
[White "Hitzler, Philipp"]
[Black "Tapie Amione, Pablo Adib"]
[Result "1-0"]
[WhiteElo "2215"]
[BlackElo "1982"]
[PlyCount "51"]
[EventDate "2005.12.15"]
[EventCountry "MEX"]
[Source "lmi"]
[SourceDate "2005.12.23"]

1. d4 Nf6 2. c4 c5 3. d5 g6 4. Nc3 d6 5. e4 Bg7 6. Bg5 O-O 7. Nf3 b5 8. cxb5 a6
9. Nd2 e6 10. dxe6 Bxe6 11. bxa6 Qb6 12. Rb1 Nxa6 13. Be2 Nb4 14. a3 Na2 15.
Bxf6 Bxf6 16. Nd5 Bxd5 17. exd5 Rfe8 18. Nc4 Qa6 19. O-O Bxb2 20. Rxb2 Nc3 21.
Qd3 Nxe2+ 22. Rxe2 Rxe2 23. Qxe2 Rb8 24. Re1 Rb3 25. Qc2 Qa4 26. h4 1-0

[Event "18. Carlos Torre Magistral"]
[Site "Merida MEX"]
[Date "2005.12.15"]
[Round "1.23"]
[White "Quiriz Lopez, Jeaneth"]
[Black "Mata Gonzalez, Jose Fernando"]
[Result "0-1"]
[WhiteElo "1965"]
[BlackElo "2213"]
[PlyCount "152"]
[EventDate "2005.12.15"]
[EventCountry "MEX"]
[Source "lmi"]
[SourceDate "2005.12.23"]

1. e4 e5 2. Nf3 Nc6 3. Bb5 a6 4. Ba4 Nf6 5. O-O Be7 6. Re1 b5 7. Bb3 O-O 8. a4
Bb7 9. d3 d6 10. Nbd2 Nd7 11. c3 Nc5 12. Bc2 Nxa4 13. Bxa4 bxa4 14. Rxa4 Kh8
15. Nf1 f5 16. Ne3 f4 17. Nd5 Nb8 18. d4 Nd7 19. Rb4 Bxd5 20. exd5 Bf6 21. dxe5
dxe5 22. Rbe4 Nc5 23. Rc4 Nd7 24. Rce4 Qb8 25. Rb4 Qa7 26. Rc4 Rad8 27. Rc6 Qb7
28. Qe2 Nb8 29. Rc5 Nd7 30. Ra5 Ra8 31. Qc4 Qb6 32. Ra3 Qd6 33. Nd2 Nb6 34. Qe4
Qxd5 35. Qxd5 Nxd5 36. Ra5 Rfd8 37. Nf3 c6 38. Kf1 Re8 39. Ra4 Re7 40. Rae4
Rae8 41. Ra4 Nc7 42. Nd2 Kg8 43. Ne4 Rd8 44. Nxf6+ gxf6 45. Bxf4 Kf7 46. Be3
Rb8 47. Re2 Rd7 48. Ke1 Rb5 49. Rc4 Rd6 50. Bc5 Rd7 51. Be3 Rbd5 52. Rd2 Rxd2
53. Bxd2 Rd6 54. Be3 Ke6 55. Ra4 Rd7 56. Bb6 Nd5 57. Be3 Rb7 58. Rxa6 Nxe3 59.
fxe3 Rxb2 60. Rxc6+ Kf5 61. Kf1 Rc2 62. Rc4 Kg5 63. Rc7 h5 64. Rc4 h4 65. g3 h3
66. Kg1 Rg2+ 67. Kh1 Re2 68. Kg1 f5 69. Rh4 Rxe3 70. Rxh3 Kg4 71. Rh4+ Kf3 72.
Kf1 Rxc3 73. Ke1 Rc2 74. Rh5 Ke4 75. Rh4+ Ke3 76. Kf1 Rf2+ 0-1

[Event "18. Carlos Torre Magistral"]
[Site "Merida MEX"]
[Date "2005.12.15"]
[Round "1.24"]
[White "Santa Torre, Luis"]
[Black "Aguilar Lopez, Aldo"]
[Result "1-0"]
[WhiteElo "2208"]
[BlackElo "1952"]
[PlyCount "47"]
[EventDate "2005.12.15"]
[EventCountry "MEX"]
[Source "lmi"]
[SourceDate "2005.12.23"]

1. d4 Nf6 2. c4 c5 3. d5 e6 4. Nc3 exd5 5. cxd5 d6 6. e4 g6 7. f4 Bg7 8. Nf3
O-O 9. Be2 Re8 10. e5 dxe5 11. fxe5 Ng4 12. Bg5 f6 13. exf6 Nxf6 14. O-O Qb6
15. d6 Qxb2 16. Bc4+ Be6 17. Bxf6 Bxc4 18. Rb1 Qa3 19. Bxg7 Kxg7 20. Rxb7+ Kg8
21. Nd5 Nc6 22. Qd2 Nd8 23. Nf6+ Kf8 24. Qh6# 1-0

[Event "18. Carlos Torre Magistral"]
[Site "Merida MEX"]
[Date "2005.12.16"]
[Round "2.1"]
[White "Quezada, Yuniesky"]
[Black "Contreras Medina, Ruben"]
[Result "1/2-1/2"]
[WhiteElo "2505"]
[BlackElo "2196"]
[PlyCount "77"]
[EventDate "2005.12.15"]
[EventCountry "MEX"]
[Source "lmi"]
[SourceDate "2005.12.23"]

1. e4 c5 2. Nf3 Nc6 3. d4 cxd4 4. Nxd4 g6 5. c4 Bg7 6. Be3 Nf6 7. Nc3 O-O 8.
Be2 d6 9. O-O Bd7 10. Qd2 Nxd4 11. Bxd4 Bc6 12. Bd3 a5 13. Rfe1 Nd7 14. Bxg7
Kxg7 15. Re3 Rh8 16. Bf1 a4 17. Kh1 Qa5 18. Rae1 Rad8 19. f4 f6 20. Qf2 e5 21.
f5 Qb6 22. h4 Rhg8 23. fxg6 hxg6 24. Rd1 Rh8 25. g3 Nc5 26. Bg2 Ne6 27. Kg1
Rhf8 28. Red3 Qc5 29. Qxc5 dxc5 30. Rxd8 Rxd8 31. Rxd8 Nxd8 32. Kf2 Nf7 33. Bf1
Nd6 34. Bd3 f5 35. exf5 gxf5 36. Ke3 Kf6 37. Be2 Ke6 38. Bf1 Kf6 39. Be2
1/2-1/2

[Event "18. Carlos Torre Magistral"]
[Site "Merida MEX"]
[Date "2005.12.16"]
[Round "2.2"]
[White "Hitzler, Philipp"]
[Black "Milov, Vadim"]
[Result "1-0"]
[WhiteElo "2215"]
[BlackElo "2652"]
[PlyCount "119"]
[EventDate "2005.12.15"]
[EventCountry "MEX"]
[Source "lmi"]
[SourceDate "2005.12.23"]

1. d4 Nf6 2. Nf3 g6 3. Bg5 Bg7 4. Nbd2 d6 5. e4 O-O 6. c3 c5 7. d5 e6 8. dxe6
Bxe6 9. Bc4 h6 10. Bxf6 Qxf6 11. Qb3 Nd7 12. O-O Nb6 13. e5 dxe5 14. Bxe6 fxe6
15. Rae1 Rad8 16. Nc4 Nxc4 17. Qxc4 Rd5 18. Re4 Qe7 19. Rfe1 Qd6 20. Qe2 Rf5
21. h3 a6 22. c4 Rd3 23. Re3 Rxe3 24. Qxe3 g5 25. b3 b5 26. Nd2 bxc4 27. Nxc4
Qf8 28. Re2 h5 29. Nd2 g4 30. Ne4 Rf4 31. h4 Qf5 32. g3 Rf3 33. Qxc5 Rd3 34.
Qc8+ Bf8 35. Ng5 Rd1+ 36. Kh2 Re1 37. Qxa6 Be7 38. Ne4 Rd1 39. Qc8+ Kf7 40. Qc2
Ra1 41. Qd3 Kg6 42. a4 Qf3 43. Qxf3 gxf3 44. Re3 Kf5 45. Nd2 Rd1 46. Nxf3 e4
47. Ng5 Rd4 48. f3 Bxg5 49. fxe4+ Kg6 50. hxg5 Rd2+ 51. Kh3 Ra2 52. g4 Kxg5 53.
gxh5 Kxh5 54. Kg3 Kg5 55. Rc3 e5 56. Rc5 Kf6 57. a5 Ke6 58. b4 Ra3+ 59. Kf2 Kd6
60. Ke2 1-0

[Event "18. Carlos Torre Magistral"]
[Site "Merida MEX"]
[Date "2005.12.16"]
[Round "2.3"]
[White "Mata Gonzalez, Jose Fernando"]
[Black "Akobian, Varuzhan"]
[Result "0-1"]
[WhiteElo "2213"]
[BlackElo "2600"]
[PlyCount "70"]
[EventDate "2005.12.15"]
[EventCountry "MEX"]
[Source "lmi"]
[SourceDate "2005.12.23"]

1. e4 e6 2. d4 d5 3. e5 c5 4. c3 Qb6 5. Nf3 Nc6 6. Bd3 cxd4 7. cxd4 Bd7 8. O-O
Nxd4 9. Nxd4 Qxd4 10. Nc3 Qb6 11. Qg4 Qb4 12. Qg3 Ne7 13. Kh1 Rc8 14. f4 g6 15.
Qf2 Nf5 16. Bxf5 gxf5 17. a3 Qb3 18. Be3 b6 19. Bd4 Rg8 20. Rac1 Rc4 21. Ne2
Bb5 22. Rfd1 Bc5 23. Bxc5 bxc5 24. Ng3 d4 25. Nh5 Kd8 26. Qd2 Bc6 27. Ng3 Kc8
28. Qe2 d3 29. Qd2 Rc2 30. Qe3 Rxg2 31. Qxc5 Rc2+ 32. Qxc6+ Rxc6 33. Rxc6+ Kb7
34. Rcc1 h5 35. Re1 d2 0-1